| 000 | 00634nam a22002177a 4500 | ||
|---|---|---|---|
| 003 | OSt | ||
| 005 | 20220107122844.0 | ||
| 008 | 180904b xxu||||| |||| 00| 0 eng d | ||
| 020 | _a9788126550906 | ||
| 040 | _cIIITMK | ||
| 082 | _a006.312 DEA/B | ||
| 100 |
_aDean, Jared _914719 |
||
| 245 |
_aBig data, data mining and machine learning: _bValue creation for business leaders and practitioners _cJared Dean |
||
| 260 |
_aHoboken, _bWiley, _c2014. |
||
| 300 | _axix, 265p. | ||
| 650 |
_aCOMPUTER SCIENCE _914793 |
||
| 650 |
_aBIG DATA _914794 |
||
| 650 |
_aDATA MINING _914795 |
||
| 650 |
_aMACHINE LEARNING _914796 |
||
| 942 |
_2ddc _cBK |
||
| 999 |
_c6203 _d6203 |
||